[Event "Antalya op"]
[Site "Antalya"]
[Date "2011.01.08"]
[Round "1"]
[White "Unal, Sinan"]
[Black "Eroglu, Deniz"]
[Result "1-0"]
[WhiteElo "1454"]
[BlackElo "1363"]
[PlyCount "129"]
[EventDate "2011.01.08"]
[EventType "swiss"]
[EventRounds "9"]
[EventCountry "TUR"]
[SourceTitle "EXT 2012"]
[Source "ChessBase"]
[SourceDate "2011.11.24"]
[SourceVersion "1"]
[SourceVersionDate "2011.11.24"]
[SourceQuality "1"]

1. e4 e5 2. Nf3 Nc6 3. d4 exd4 4. Nxd4 Bc5 5. Be3 Qf6 6. c3 Nge7 7. b4 Bxd4 8. Bxd4 Nxd4 9. Qxd4 Qxd4 10. cxd4 Nc6 11. d5 Nxb4 12. Kd2 a5 13. a3 Na6 14. Nc3 Nc5 15. Rb1 d6 16. Bb5+ Bd7 17. Bxd7+ Kxd7 18. f3 a4 19. Rb4 Rhe8 20. g4 Reb8 21. g5 b5 22. Rhb1 Nb3+ 23. Ke3 c6 24. f4 Na5 25. dxc6+ Kxc6 26. Nxb5 Kd7 27. Rd1 Nc6 28. Rxd6+ Ke7 29. Rxc6 Rb7 30. Rc7+ Rxc7 31. Nxc7 Ra7 32. Nd5+ Kd7 33. Kd4 Kc6 34. f5 Kd7 35. Nb6+ Kd8 36. Rxa4 Rb7 37. Rb4 Ke8 38. a4 Ra7 39. h4 Kd8 40. Kd5 Kc7 41. e5 Ra5+ 42. Ke4 Kc6 43. Kd4 Ra6 44. e6 fxe6 45. fxe6 Kd6 46. Nc4+ Kxe6 47. Rb6+ Rxb6 48. Nxb6 Kd6 49. Kc4 Kc6 50. a5 h6 51. gxh6 gxh6 52. h5 Kc7 53. Kb5 Kb7 54. a6+ Ka7 55. Nc8+ Kb8 56. Nd6 Ka7 57. Nf7 Kb8 58. Nxh6 Ka7 59. Nf5 Kb8 60. h6 Ka8 61. h7 Ka7 62. Nd6 Kb8 63. h8Q+ Ka7 64. Qg7+ Ka8 65. Qb7# 1-0